header

James Thomson (Record no. 110092)

MARC details
000 -LEADER
fixed length control field 01427nam a2200361Ia 4500
245 00 - TITLE STATEMENT
Title James Thomson
260 ## - PUBLICATION, DISTRIBUTION, ETC. (IMPRINT)
Place of publication Liverpool :
Name of publisher Liverpool University Press,
Year of publication 2000.
300 ## - PHYSICAL DESCRIPTION
Number of Pages 279 p. :
Other physical details ill.
490 1# - SERIES STATEMENT
Series statement Liverpool English texts and studies
650 #0 - SUBJECT ADDED ENTRY--TOPICAL TERM
Topical Term English literature.
700 1# - ADDED ENTRY--PERSONAL NAME
Personal name Terry, Richard.
856 40 - ELECTRONIC LOCATION AND ACCESS
Uniform Resource Identifier http://site.ebrary.com/lib/rucke/Doc?id=10369584

No items available.

© 2026 Rongo University
Contact us: librarian | system librarian | Rongo university